000 00589nam a2200241Ia 4500
003 OSt
005 20221005123901.0
006 a|||||r|||| 00| 0
007 ta
008 221004b |||||||| |||| 00| 0 mal d
024 _a58902
037 _cTextual
040 _aCRL
_cCRL
_bmal
041 _2mal
_amal
082 _aR641xJ90,1, 32J6
100 _aBhatta Narayana
245 0 _aManameyodayam
260 _c1956
300 _a192p.
_ccm.
650 _aPHILOSOPHY
942 _hR641xJ90,1, 32J6
_cTEXL
_2cc
999 _c1048790
_d1048790